Zawodnicy Chelsea i Ich Narodowości - Statystyki

Ogólne statystyki
  • Ten quiz został rozwiązany 480 razy
  • Średni wynik to 27 z 27
Statystyki odpowiedzi
Hint Odpowiedź % Poprawnych
Malang Sarr Francja
100%
Ngolo Kante Francja
100%
Kepa Arrizabalaga Hiszpania
100%
Marcos Alonso Hiszpania
100%
Cesar Azpilicueta Hiszpania
100%
Saul Niguez Hiszpania
100%
Antonio Rudiger Niemcy
100%
Kai Havertz Niemcy
100%
Timo Werner Niemcy
100%
Marcus Bettinelli Anglia
99%
Trevoh Chalobah Anglia
99%
Ben Chilwell Anglia
99%
Reece James Anglia
99%
Ruben Loftus Cheek Anglia
99%
Ross Barkley Anglia
99%
Lewis Baker Anglia
99%
Mason Mount Anglia
99%
Callum Hudson Odoi Anglia
99%
Thiago Silva Brazylia
99%
Mateo Kovacic Chorwacja
99%
Charly Musonda Jr. Belgia
98%
Romelu Lukaku Belgia
98%
Andreas Christensen Dania
98%
Christian Pulisic USA
98%
Jorginho Włochy
98%
Hakim Ziyech Maroko
96%
Edouard Mendy Senegal
95%
Nie znaleziono quizów pasujących do podanych kryteriów
Rozkład punktacji
Procent ludzi z każdym wynikiem
Percentyl według liczby udzielonych odpowiedzi
Twoja historia wyników
Nie rozwiązałeś tego quizu